|
|
|
|
| LEADER |
00000nas a2200000 a 4500 |
| 001 |
ssj0009336 |
| 003 |
WaSeSS |
| 005 |
20200512172242.0 |
| 006 |
m d |
| 007 |
cr n |
| 008 |
991020d19912002cauar ss 0 a0eng c |
| 010 |
|
|
|a 2006238182
|
| 016 |
7 |
|
|a 016227034
|2 DE-101
|
| 016 |
7 |
|
|a 9212538
|2 DNLM
|
| 016 |
7 |
|
|a SR0074578
|2 DNLM
|
| 022 |
|
|
|a 2328-2126
|y 1056-3466
|
| 030 |
|
|
|a ANEEER
|
| 035 |
|
|
|a (WaSeSS)ssj0009336
|
| 040 |
|
|
|a NTD
|b eng
|c NTD
|d OCLCQ
|d UV$
|d NSD
|d MUQ
|d HUA
|d OCLCQ
|d IUL
|d BUF
|d OCLCQ
|d CUD
|d TXJ
|d CO3
|d OCLCE
|d OCL
|d OCLCQ
|d OCLCO
|d DLC
|d COO
|d DLC
|d OCLCO
|d OCLCQ
|d OCLCO
|d OCLCF
|d OCLCO
|d OCLCQ
|d GZN
|d ELW
|d OCLCO
|d Z5A
|d OCLCO
|d OCLCQ
|d OCLCA
|d UAB
|d LND
|d WT2
|d NLC
|d DHU
|d OSU
|d CUS
|d OCLCO
|d OCLCQ
|d OCLCO
|d WYU
|d U3W
|d OCLCO
|d OCLCA
|d VT2
|d OCLCO
|d NZHMA
|d OCLCO
|d NJT
|d S2H
|d OCLCA
|d OCLCQ
|d WaSeSS
|
| 042 |
|
|
|a pcc
|a nsdp
|
| 050 |
1 |
4 |
|a HD9502.A2
|b A5
|
| 060 |
0 |
0 |
|a W1
|b AN77L
|
| 082 |
0 |
0 |
|a 333.705
|2 23
|
| 082 |
0 |
4 |
|a 333.705
|b A61 E56 E6
|
| 210 |
0 |
|
|a Annu. rev. energy environ.
|b (Online)
|
| 222 |
|
0 |
|a Annual review of energy and the environment
|b (Online)
|
| 245 |
0 |
0 |
|a Annual review of energy and the environment
|h [electronic resource].
|
| 246 |
3 |
0 |
|a Energy & the environment
|
| 260 |
|
|
|a Palo Alto, Calif. :
|b Annual Reviews, Inc.,
|c ©1991-©2002.
|
| 310 |
|
|
|a Annual
|
| 362 |
1 |
|
|a Print began with vol. 16 (1991)-v. 27 (2002).
|
| 506 |
|
|
|a License restrictions may limit access.
|
| 588 |
0 |
|
|a Print version record; title from publishers home page.
|
| 650 |
|
0 |
|a Power resources
|v Periodicals.
|
| 650 |
|
0 |
|a Energy policy
|v Periodicals.
|
| 650 |
|
0 |
|a Energy policy
|x Environmental aspects
|v Periodicals.
|
| 650 |
|
0 |
|a Environmental policy
|v Periodicals.
|
| 650 |
|
2 |
|a Energy-Generating Resources.
|
| 650 |
|
2 |
|a Environmental Health.
|
| 650 |
|
2 |
|a Nuclear Energy.
|
| 650 |
|
2 |
|a Power Plants.
|
| 650 |
|
2 |
|a Public Policy.
|
| 650 |
|
6 |
|a Environnement
|x Politique gouvernementale
|v Périodiques.
|
| 650 |
|
6 |
|a Politique énergétique
|v Périodiques.
|
| 650 |
|
6 |
|a Politique énergétique
|x Aspect de l'environnement
|v Périodiques.
|
| 650 |
|
6 |
|a Ressources énergétiques
|v Périodiques.
|
| 650 |
|
7 |
|a Energy policy.
|2 fast
|0 (OCoLC)fst00910200
|
| 650 |
|
7 |
|a Energy policy
|x Environmental aspects.
|2 fast
|0 (OCoLC)fst00910213
|
| 650 |
|
7 |
|a Environmental policy.
|2 fast
|0 (OCoLC)fst00913250
|
| 650 |
|
7 |
|a Power resources.
|2 fast
|0 (OCoLC)fst01074275
|
| 650 |
1 |
7 |
|a Energie (exacte wetenschappen)
|2 gtt
|
| 650 |
1 |
7 |
|a Milieueconomie.
|2 gtt
|
| 650 |
1 |
7 |
|a Natuurlijke hulpbronnen.
|2 gtt
|
| 655 |
|
0 |
|a Electronic journals.
|
| 658 |
|
|
|a Mechanical engineering ejournals.
|2 local
|
| 658 |
|
|
|a Economics ejournals.
|2 local
|
| 658 |
|
|
|a Power resources ejournals.
|2 local
|
| 658 |
|
|
|a Energy policy ejournals.
|2 local
|
| 658 |
|
|
|a Environmental policy ejournals.
|2 local
|
| 710 |
2 |
|
|a Annual Reviews, Inc.
|
| 776 |
0 |
8 |
|i Print version:
|t Annual review of energy and the environment
|x 1056-3466
|w (DLC) 92658535
|w (OCoLC)23669325
|
| 780 |
0 |
0 |
|t Annual review of energy
|x 2374-9261
|w (DLC) 2014201969
|w (OCoLC)53173332
|
| 785 |
0 |
0 |
|t Annual review of environment and resources (Online)
|x 1545-2050
|w (DLC) 2003215252
|w (OCoLC)52433277
|
| 856 |
4 |
0 |
|z Full text available from Research Library: 01/01/1997 to 2002
|u https://search.proquest.com/publication/29383
|